Gyaru Substyles Quiz - Statistics

General Stats
  • This quiz has been taken 68 times
  • The average score is 14 of 27
Answer Stats
Answer % Correct
hime
100%
manba
90%
ko-gal
88%
rokku
88%
yamanba
79%
agejo
76%
amekaji
76%
tsuyome
76%
himekaji
71%
ganguro
67%
onee
67%
goshikku
64%
ane
55%
roma
55%
banba
43%
b-gal
38%
kuro
33%
mode
33%
shiro
33%
cyber
31%
haady
31%
romanba
26%
ishoku hada
21%
mago
5%
mori-gal
5%
kigurimin
2%
rasuta
2%
No matching quizzes found
Score Distribution
Percent of People with Each Score
Percentile by Number Answered
Your Score History
You have not taken this quiz